MyGZULibrary

Development through dualism? : (Record no. 9085)

MARC details
000 -LEADER
fixed length control field 01189cam a2200325 a 4500
001 - CONTROL NUMBER
control field 4390209
003 - CONTROL NUMBER IDENTIFIER
control field GZU
005 - DATE AND TIME OF LATEST TRANSACTION
control field 20210528110732.0
008 - FIXED-LENGTH DATA ELEMENTS--GENERAL INFORMATION
fixed length control field 911210s1991 nyua b 000 0 eng
010 ## - LIBRARY OF CONGRESS CONTROL NUMBER
LC control number 91225183
020 ## - INTERNATIONAL STANDARD BOOK NUMBER
International Standard Book Number 1564011097
040 ## - CATALOGING SOURCE
Original cataloging agency DLC
Transcribing agency DLC
043 ## - GEOGRAPHIC AREA CODE
Geographic area code f-mw---
050 00 - LIBRARY OF CONGRESS CALL NUMBER
Classification number HD997.Z63
Item number SAH 1991
100 1# - MAIN ENTRY--PERSONAL NAME
Personal name Sahn, David E.
Relator term author
245 10 - TITLE STATEMENT
Title Development through dualism? :
Remainder of title land tenure, policy, and poverty in Malawi /
Statement of responsibility, etc. David E. Sahn, Jehan Arulpragasam.
260 ## - PUBLICATION, DISTRIBUTION, ETC.
Place of publication, distribution, etc. Washington, D.C. :
Name of publisher, distributor, etc. Cornell Food and Nutrition Policy Program,
Date of publication, distribution, etc. c1991.
300 ## - PHYSICAL DESCRIPTION
Extent v, 53 p. :
Other physical details ill. ;
Dimensions 28 cm.
490 1# - SERIES STATEMENT
Series statement Working paper,
International Standard Serial Number 1936-5071 ;
Volume/sequential designation 9
500 ## - GENERAL NOTE
General note "March 1991."
504 ## - BIBLIOGRAPHY, ETC. NOTE
Bibliography, etc. note Includes bibliographical references (p. [47]-53).
650 #0 - SUBJECT ADDED ENTRY--TOPICAL TERM
Topical term or geographic name entry element Land tenure
Geographic subdivision Malawi.
650 #0 - SUBJECT ADDED ENTRY--TOPICAL TERM
Topical term or geographic name entry element Rural poor
Geographic subdivision Malawi.
650 #0 - SUBJECT ADDED ENTRY--TOPICAL TERM
Topical term or geographic name entry element Agriculture and state
Geographic subdivision Malawi.
700 1# - ADDED ENTRY--PERSONAL NAME
Personal name Arulpragasam, Jehan.
Relator term author
830 #0 - SERIES ADDED ENTRY--UNIFORM TITLE
Uniform title Working paper (Cornell Food and Nutrition Policy Program) ;
Volume/sequential designation 9.
906 ## - LOCAL DATA ELEMENT F, LDF (RLIN)
a 7
b cbc
c orignew
d 2
e ncip
f 19
g y-gencatlg
942 ## - ADDED ENTRY ELEMENTS (KOHA)
Source of classification or shelving scheme Library of Congress Classification
Koha item type Books
Classification part 997.Z63
Item part SAH
Call number prefix HD
Holdings
Withdrawn status Lost status Source of classification or shelving scheme Damaged status Not for loan Collection code Home library Current library Shelving location Date acquired Total Checkouts Full call number Barcode Date last seen Copy number Price effective from Koha item type
    Library of Congress Classification     Non-fiction City Campus Library City Campus Library General Stacks 05/28/2021   HD997.Z63 SAH 1991 028412 05/28/2021 c. 1 05/28/2021 Books